What every environmentalist needs to know about capitalism <a> citizen's guide to capitalism and the environment
Enregistré dans:
| Auteur principal: | |
|---|---|
| Autres auteurs: | |
| Format: | Livre |
| Langue: | anglais |
| Publié: |
New York
Monthly Review Press
2011
|
| Sujets: | |
| Tags: |
Pas de tags, Soyez le premier à ajouter un tag!
|
MARC
| LEADER | 00000nam a2200000 4500 | ||
|---|---|---|---|
| 001 | 0169876 | ||
| 005 | 20250225121818.2 | ||
| 020 | |a 978-1-583-67272-3 | ||
| 041 | 0 | |a eng | |
| 044 | |a US | ||
| 245 | 1 | 0 | |a What every environmentalist needs to know about capitalism |b <a> citizen's guide to capitalism and the environment |c Fred Magdoff, John Bellamy Foster |
| 264 | 1 | |a New York |b Monthly Review Press |c 2011 | |
| 300 | |a online [187 p.] | ||
| 500 | |a EBSCO e-books Economics Collection 2012 | ||
| 610 | 2 | 0 | |a ekonomika environmentálna |
| 610 | 2 | 0 | |a environmentalistika |
| 610 | 2 | 0 | |a politika environmentálna |
| 610 | 2 | 0 | |a kapitalizmus |
| 610 | 2 | 0 | |a prostredie životné |
| 100 | 1 | |a Magdoff, Fred | |
| 700 | 1 | |a Foster, John Bellamy | |